African textiles and decorative arts (Record no. 10241)

MARC details
000 -CABECERA
campo de control de longitud fija 01093nam a2200277 a 4500
001 - NÚMERO DE CONTROL
campo de control BRL_1431
005 - FECHA Y HORA DE LA ÚLTIMA TRANSACCIÓN
campo de control 20190320211212.0
008 - DATOS DE LONGITUD FIJA--INFORMACIÓN GENERAL
campo de control de longitud fija 140114s1974----nyuaob####---#000-0#eng-#
020 ## - NÚMERO INTERNACIONAL ESTÁNDAR DEL LIBRO
Número Internacional Estándar del Libro 0870702270
041 ## - CÓDIGO DE LENGUA
Código de lengua del texto/banda sonora o título independiente eng
044 ## - CÓDIGO DEL PAÍS DE LA ENTIDAD EDITORA/PRODUCTORA
Código MARC del país nyu
050 #4 - SIGNATURA TOPOGRÁFICA DE LA BIBLIOTECA DEL CONGRESO
Número de clasificación NK8887
Número de documento/Ítem .S54 1974
100 1# - ENTRADA PRINCIPAL--NOMBRE DE PERSONA
Nombre de persona Sieber, Roy
Fechas asociadas al nombre 1923-2001
9 (RLIN) 26885
245 10 - MENCIÓN DE TÍTULO
Título African textiles and decorative arts
Mención de responsabilidad, etc. by Roy Sieber.
260 ## - PUBLICACIÓN, DISTRIBUCIÓN, ETC.
Lugar de publicación, distribución, etc. New York
Nombre del editor, distribuidor, etc. Museum of Modern Art
Fecha de publicación, distribución, etc. 1974
300 ## - DESCRIPCIÓN FÍSICA
Extensión 239 p.
Otras características físicas il., fotografías (a color), mapas
Dimensiones 29 cm
500 ## - NOTA GENERAL
Nota general Au1666
500 ## - NOTA GENERAL
Nota general The exhibition to be held at the Museum of Modern Art, New York, Oct. 11, 1972-Jan. 31, 1973, the Los Angeles County Museum of Art, March 20-May 31, 1973, the M. H. de Young Memorial Museum, San Francisco, July 2-Aug. 31, 1973, and the Cleveland Museum of Art, Oct 3-Dec. 2, 1973.
504 ## - NOTA DE BIBLIOGRAFÍA, ETC.
Nota de bibliografía, etc. Bibliografía: p. 229-238
650 14 - PUNTO DE ACCESO ADICIONAL DE MATERIA--TÉRMINO DE MATERIA
Término de materia o nombre geográfico como elemento de entrada Telas
Subdivisión geográfica África
9 (RLIN) 26663
650 14 - PUNTO DE ACCESO ADICIONAL DE MATERIA--TÉRMINO DE MATERIA
Término de materia o nombre geográfico como elemento de entrada Textiles
Subdivisión geográfica África
9 (RLIN) 26662
650 14 - PUNTO DE ACCESO ADICIONAL DE MATERIA--TÉRMINO DE MATERIA
Término de materia o nombre geográfico como elemento de entrada Decoración y ornamentación
Subdivisión geográfica África
9 (RLIN) 26886
710 2# - PUNTO DE ACCESO ADICIONAL--NOMBRE DE ENTIDAD CORPORATIVA
Nombre de entidad corporativa o nombre de jurisdicción como elemento de entrada Museum of Modern Art (New York)
9 (RLIN) 26887
902 ## - CATALOGADOR
Iniciales GRL
942 ## - ELEMENTOS DE PUNTO DE ACCESO ADICIONAL (KOHA)
Fuente del sistema de clasificación o colocación Library of Congress Classification
Tipo de ítem Koha Libros
Holdings
Estado de retiro Estado de pérdida Estado dañado No para préstamo Localización permanente Ubicación/localización actual Fecha de adquisición Número de inventario Total de préstamos Signatura topográfica completa Código de barras Fecha visto por última vez Precio válido a partir de Tipo de ítem Koha
El ejemplar forma parte de la colección y puede ser consultado según las políticas vigentes.       Biblioteca Centro de Estudios Ruth D. Lechuga Biblioteca Centro de Estudios Ruth D. Lechuga 14/01/2014 Au1666   NK8887 .S54 1974 (Au1666) GRL01592 22/03/2019 22/03/2019 Libros